Adrián Pujol (Record no. 5603)

MARC details
000 - LÍDER
campo de control de longitud fija 01696nam a2200265Ia 4500
008 - ELEMENTOS DE DATOS DE LONGITUD FIJA - INFORMACIÓN GENERAL
campo de control de longitud fija 0000002007 ve ad 0000000000spa00
090 ## - NÚMERO DE LLAMADA DE TIPO LC LOCALMENTE ASIGNADO (OCLC)
Número de clasificación (OCLC) (R) PSP00 P14a
100 1# - ENTRADA PRINCIPAL - NOMBRE PERSONAL
Nombre de la persona Palomero, Federica
245 13 - TÍTULO DECLARACIÓN
Título Adrián Pujol
Resto del título : viaje interminable
Declaración de responsabilidad / textos Federica Palomero, María Elena Ramos ; fotografías Toni Catany
260 ## - PUBLICACIÓN, DISTRIBUCIÓN
Lugar de publicación Carácas : Fundación Trasnocho Cultural
Fecha de publicación 2007
300 ## - DESCRIPCIÓN FÍSICA
Alcance [36] p.
Dimensiones / 21 cm.
500 ## - NOTA GENERAL
Nota general Exposición realizada en Fundación Trasnocho Cultural, Caracas, mayo, 2006 \ Incluye datos biográficos del artista \ Con el patronazgo del maestro venezolano Jesús Rafael Soto (q.e.p.d.)
501 ## - Con nota
Con nota Adrián Pujol o la transfiguración del paisaje venezolano / Rosa Elda Fernández Adrián Pujol : retratándose en el paisaje / Federica Palomero Yo no soy un pintor viajero, yo soy un viajero que pinta / María Elena Ramos
505 ## - NOTA DE CONTENIDO FORMATEADA
Nota sobre el contenido formateado OBRAS : Nocturno con naranjos Plantación de caá de azúcar en Curpa Nubes sobre el Páramo de Pinango Páramo de Pinango El Pico Bolívar desde el Pico el Aguila Páramo hacia Pinango, desde el Pico el Aguila El Pico, Paraguana Finca Santa María, Barinas Pozo Chocolmao, Cumboto Los Palotes, Cumboto Río Santo Domingo, Barinas La Sabana de Uruyen San Juan de las Galdonas
600 00 - ENTRADA DE SUJETO AÑADIDO - NOMBRE PERSONAL
Nombre de la persona PUJOL, ADRIAN, 1948/
Subdivisión general TRABAJOS PICTORICOS
650 14 - ENTRADA DE SUJETO AÑADIDO - TÉRMINO TÓPICO
Término tópico o elemento de entrada del nombre geográfico ARTE CONTEMPORANEO ESPAÑOL
650 14 - ENTRADA DE SUJETO AÑADIDO - TÉRMINO TÓPICO
Término tópico o elemento de entrada del nombre geográfico ARTISTAS PLASTICOS ESPAÑOLES EXPOSIONES
650 14 - ENTRADA DE SUJETO AÑADIDO - TÉRMINO TÓPICO
Término tópico o elemento de entrada del nombre geográfico ARTISTAS PLASTICOS ESPAÑOLES EN VENEZUELA
650 14 - ENTRADA DE SUJETO AÑADIDO - TÉRMINO TÓPICO
Subdivisión general CATALOGOS
650 14 - ENTRADA DE SUJETO AÑADIDO - TÉRMINO TÓPICO
Subdivisión general EXPOSICIONES
650 14 - ENTRADA DE SUJETO AÑADIDO - TÉRMINO TÓPICO
Término tópico o elemento de entrada del nombre geográfico PINTORES ESPAÑOLES
650 14 - ENTRADA DE SUJETO AÑADIDO - TÉRMINO TÓPICO
Término tópico o elemento de entrada del nombre geográfico PINTURA ESPAÑOLA
700 1# - ENTRADA AGREGADA - NOMBRE PERSONAL
Nombre de la persona Ramos, María Elena \ Catany, Toni
Holdings
Estado de retirada Pérdida de estatus Estado dañado No para préstamo Código de recogida Ubicación permanente Ubicación actual Ubicación de las estanterías Fecha de adquisición Número de llamada completo Código de barras Fecha de la última vez que se vio Número de copia Precio efectivo desde Tipo de artículo Koha
        General ArtNexus ArtNexus General 06/09/2022 P-SP-00 P14A 5607 06/09/2022 Ej.1 06/09/2022 Libro

Powered by Koha